| 000 | 00671nam a2200241 a 4500 | ||
|---|---|---|---|
| 008 | |||
| 020 | _a0750638362 (pbk.) | ||
| 049 | _aMAIN | ||
| 090 | 0 | _aTJ219 BOL | |
| 100 | 1 | _aBolton, W. | |
| 245 | 1 | 0 |
_aPneumatic and hydraulic systems / _cW. Bolton. |
| 260 |
_aOxford : _bButterworth Heinemann, _c1997. |
||
| 300 |
_aviii, 248 p. : _bill. ; _c25 cm. |
||
| 500 | _aIncludes index. | ||
| 650 | 0 | _aFluid power technology. | |
| 650 | 0 | _aPneumatic control. | |
| 650 | 0 | _aHydraulic control. | |
| 907 |
_a.b10120592 _b13-02-13 _c04-05-04 |
||
| 003 | |||
| 005 | 20230123133745.0 | ||
| 040 | _cNUST | ||
| 942 |
_cBOOKS _kTJ219 BOL |
||
| 999 |
_c154120 _d154120 |
||